000 00514nam a2200205Ia 4500
003 OSt
005 20220928145607.0
006 a|||||r|||| 00| 0
007 ta
008 220927b |||||||| |||| 00| 0 eng d
024 _a81362
037 _cTextual
040 _aSDCL
_cSDCL
_beng
041 _2eng
_aeng
082 _aV51'N7, L9
100 _aClogg Richard
_9513570
245 0 _aShort history of modern Greece.
942 _hV51'N7, L9
_cTEXL
_2CC
999 _c834220
_d834220